| 000 | 00468nam a22001577a 4500 | ||
|---|---|---|---|
| 003 | MACL | ||
| 005 | 20151118170648.0 | ||
| 008 | 151118b xxu||||| |||| 00| 0 eng d | ||
| 040 | _cMACL | ||
| 041 | _aHINDI | ||
| 082 | _a001 | ||
| 100 |
_aश्रीमति सन्तोष कुमारी _917513 |
||
| 245 | _aदरवाजा किस्मत का भाग 1 | ||
| 650 |
_aसामान्य ज्ञान _9328 |
||
| 942 |
_2ddc _cHIN |
||
| 999 |
_c50708 _d50708 |
||